Promoviendo un cambio de actitud hacia el desarrollo sostenible /
Guardado en:
| Hovedforfatter: | |
|---|---|
| Autores Corporativos: | , |
| Andre forfattere: | |
| Format: | Ukendt |
| Udgivet: |
San José:
MIDEPLAN
|
| Fag: | |
| Tags: |
Tilføj Tag
Ingen Tags, Vær først til at tagge denne postø!
|
MARC
| LEADER | 00000 a2200000 04500 | ||
|---|---|---|---|
| 001 | 10462 | ||
| 003 | |||
| 008 | 991231s d | ||
| 040 | |||
| 090 | |a 136405 | ||
| 100 | |a Rodríguez Vargas, Adrían G. | ||
| 110 | |a Costa Rica. Ministerio de Planificación Nacional y Política Económica. Proyecto Sistema Nacional para el Desarrollo Sostenible | ||
| 245 | |a Promoviendo un cambio de actitud hacia el desarrollo sostenible / |c Costa Rica. Ministerio de Planificación Nacional y Política Económica. Proyecto Sistema Nacional para el Desarrollo Sostenible | ||
| 260 | |a San José: |b MIDEPLAN | ||
| 300 | |a xxiii, 189 p. | ||
| 650 | |a ECONOMIA | ||
| 650 | |a MEDIO AMBIENTE | ||
| 650 | |a MERCADO | ||
| 650 | |a EXTERNALIDADES | ||
| 700 | |a | ||
| 700 | |a Vega, Erica | ||
| 700 | |a | ||
| 710 | |a Banco Interamericano de Desarrollo | ||
| 999 | |c 6011 |d 6011 | ||
